LEADER 01034nam a2200229 i 4500 001 000000243846 003 CaOOAMICUS 005 20150723000000.0 008 150723s1675 it u000 u fre u 013 $a222751 026 $aoyst usf! usoy crqu (3) 1675 (R) 040 $aSeMil$bita 245 10$a[1]. 300 $a[32], 539, [5] p. 500 $aSegn.: a8 e8 A-L8. 500 $aMarca editoriale: Giasone tiene il vello d'oro dall'albero da cui pende. Sotto il piede un drago. Motto: Tegit et quos tangit inaurat (Repertorio consultato: BNF/A, Thesaurus). 773 0 $aCamaret, Louis $tPur et parfait christianisme ou L'imitation de Nostre-Seigneur Jesus-Christ. Par le R. P. Louis Camaret ... [Tome 1. -3.].$dA Paris : Chex Michel Le Petit, ruë Saint Jacques à la Toison d'Or, 1675-1677.$g1$w()32248 850 $aSeMil 852 $aSeMil$W1$xVenegono$y1$m3F III 222 FA$j194192$B194192$CSeMilBibl$Z2$F204784 $8I 941 1 $a10 961 $aRecupero: Mantegazza 996 $6245$a[1]$9(OLS)http://semarc/title/16462 LEADER 00898nab a2200145 i 4500 001 000000275856 003 CaOOAMICUS 005 20110810000000.0 008 110810n xx uu u0 0und r 013 $a25280 040 $aSeMil$bita 245 10$aDavid and His Friends :$bSocial-Scientific Perspectives on the David-Jonathan Friendship ; The Messianic Anointing of Jesus : Mark 14:3-9 ; Christology and Discipleship in John 7:37-38 ; Shamanism and the Shamanic Complex. - Titoli dalla copertina. 500 $aAugust 2011. 773 0 $t[2011].$dThousand Oaks (California) : SAGE Publications, copyr. 2011.$w()204977 996 $6245$aDavid and His Friends :$bSocial-Scientific Perspectives on the David-Jonathan Friendship ; The Messianic Anointing of Jesus : Mark 14:3-9 ; Christology and Discipleship in John 7:37-38 ; Shamanism and the Shamanic Complex. - Titoli dalla copertina.$9(OLS)http://semarc/title/361649